| 000 | 00897nam a22002657a 4500 | ||
|---|---|---|---|
| 003 | dpl | ||
| 005 | 20180602144144.0 | ||
| 008 | 180602b xxu||||| |||| 00| 0 eng d | ||
| 010 | _aA-853473, A-853477 | ||
| 020 |
_c00.00 _a0074632345 |
||
| 035 | _aA-853473 | ||
| 037 | _bCen Lib/Ret | ||
| 040 |
_aDPL _bEN _c0 |
||
| 082 |
_a371.332 _bLAN |
||
| 100 |
_aLangford, David P. _919044 |
||
| 245 |
_aOrchestrating learning with quality / _cby David P. Langford [and] Barbara A. Cleary |
||
| 260 |
_aNew Delhi _bTata McGraw-Hill Publishing Company _c1995 |
||
| 270 |
_bNew Delhi _a4/12, asaf ali road, dariya ganj _e110002 |
||
| 300 |
_axv, 187p. _c22cm(Hb) |
||
| 500 | _aIncludes bibliographical references and index | ||
| 650 |
_aTeaching _98075 |
||
| 650 |
_aTotal quality management _96345 |
||
| 700 |
_aCleary, Barbara A. _919045 |
||
| 942 |
_2ddc _cEN _h371.332 _mLAN |
||
| 999 |
_c126982 _d126982 |
||